| 000 | 00619nam a2200193 a 4500 | ||
|---|---|---|---|
| 001 | 3258 | ||
| 003 | CDMR | ||
| 005 | 20131213135021.0 | ||
| 008 | 130130s1976||||||||||||||||||||||||||||d | ||
| 020 | _a8426571913 | ||
| 040 |
_aCDMR _bcat _cCDMR |
||
| 100 | 1 |
_aLarra, Mariano José de _92357 |
|
| 245 | 1 | 0 |
_aProsa escogida _cMariano José de Larra ; introducción, selección y notas: Félix Herrero Salgado |
| 260 |
_aMadrid _c1976 _b[Magisterio Español] |
||
| 300 |
_a275 p ; _c18 cm |
||
| 490 | 0 |
_aNovelas y Cuentos _v189 |
|
| 490 | 0 |
_aSección Literatura. Serie Literatura española. _aProsa. Siglo XIX |
|
| 942 |
_cMON _2udc |
||
| 999 |
_c3258 _d3258 |
||